Statistiques concernant Tous les Pokémon Switch

Cliquez ici pour prendre le quiz!

Statistiques générales

  • Ce quiz a été pris 48 fois
    (3 depuis la dernière actualisation)
  • Le résultat moyen est 7 sur 18

Statistiques - réponses

Date sortieNom% Correct
11/2019Pokémon Bouclier
100%
11/2019Pokémon Épée
100%
11/2018Pokémon Let's Go Évoli
100%
11/2018Pokémon Let's Go Pikachu
100%
06/2020Pokémon Café Remix
50%
11/2021Pokémon Diamant Étincelant
50%
03/2020Pokémon Donjon Mystère : Équipe de Secours DX
50%
11/2022Pokémon Écarlate
50%
11/2021Pokémon Perle Scintillante
50%
11/2022Pokémon Violet
50%
01/2022Légendes Pokémon : Arceus
0%
2025Légendes Pokémon : Z-A
0%
10/2023Le retour de Détective Pikachu
0%
04/2021New Pokémon Snap
0%
02/2020Pokémon Home
0%
05/2018Pokémon Quest
0%
07/2021Pokémon Unite
0%
07/2017Pokkén Tournamment DX
0%

Distribution des résultats

Percentile par nombre de réponses

% des personnes avec chaque résultat

Votre développement - résultats

Vous n’avez pas pris ce quiz depuis la dernière actualisation